Wings of Fire Characters By Picture #1 - Statistics

General Stats
  • This quiz has been taken 21 times
  • The average score is 3 of 21
Answer Stats
Picture Answer % Correct
Scarlet
63%
Chameleon
47%
Moorhen
37%
Icicle
26%
Pheasant
26%
Qibli
21%
Jewel
16%
Whirlpool
16%
Avalanche
11%
Hemlock
5%
Obsidian
5%
Pronghorn
5%
Secretkeeper
5%
Urchin
5%
Atala
0%
Bryony
0%
Bullfrog
0%
Chafer
0%
Glider
0%
Mink
0%
Newt
0%
No matching quizzes found
Score Distribution
Percent of People with Each Score
Percentile by Number Answered
Your Score History
You have not taken this quiz